<?xml version="1.0" encoding="UTF-8"?>
<record
    xmlns:xsi="http://www.w3.org/2001/XMLSchema-instance"
    xsi:schemaLocation="http://www.loc.gov/MARC21/slim http://www.loc.gov/standards/marcxml/schema/MARC21slim.xsd"
    xmlns="http://www.loc.gov/MARC21/slim">

  <leader>01065nam a22002897a 4500</leader>
  <controlfield tag="001">BRCA_9370</controlfield>
  <controlfield tag="003">FranzMayer</controlfield>
  <controlfield tag="005">20230918123555.0</controlfield>
  <controlfield tag="008">230830b        |||||||| |||| 00| 0 eng d</controlfield>
  <datafield tag="020" ind1=" " ind2=" ">
    <subfield code="a">9687074337</subfield>
  </datafield>
  <datafield tag="040" ind1=" " ind2=" ">
    <subfield code="a">MFM</subfield>
    <subfield code="b">espa&#xF1;ol</subfield>
    <subfield code="c">MFM</subfield>
  </datafield>
  <datafield tag="050" ind1=" " ind2="0">
    <subfield code="a">NK1136.M6</subfield>
    <subfield code="b">H67 1992</subfield>
  </datafield>
  <datafield tag="100" ind1="1" ind2=" ">
    <subfield code="4">Autor</subfield>
    <subfield code="a">Hopkins, Barbara</subfield>
    <subfield code="9">29377</subfield>
  </datafield>
  <datafield tag="240" ind1=" " ind2=" ">
    <subfield code="a">Oaxaca</subfield>
    <subfield code="h">Crafts and Sightseeing</subfield>
    <subfield code="l">Ingl&#xE9;s</subfield>
  </datafield>
  <datafield tag="245" ind1="0" ind2=" ">
    <subfield code="a">Oaxaca</subfield>
    <subfield code="b">Crafts and Sightseeing</subfield>
  </datafield>
  <datafield tag="260" ind1=" " ind2=" ">
    <subfield code="a">Oaxaca, M&#xE9;xico</subfield>
    <subfield code="b">Minutiae Mexicana</subfield>
    <subfield code="c">1992</subfield>
  </datafield>
  <datafield tag="300" ind1=" " ind2=" ">
    <subfield code="a">116 p</subfield>
    <subfield code="b">Ilustraciones</subfield>
    <subfield code="c">21 cm</subfield>
  </datafield>
  <datafield tag="500" ind1=" " ind2=" ">
    <subfield code="a">Anexo 1</subfield>
  </datafield>
  <datafield tag="505" ind1=" " ind2=" ">
    <subfield code="a">Texto en: ingl&#xE9;sIncluye &#xED;ndice tem&#xE1;ticoDirigido a: artesanos, artistas y personas con inter&#xE9;s en el arte mexicano </subfield>
  </datafield>
  <datafield tag="650" ind1="1" ind2=" ">
    <subfield code="2">Artes decorativas</subfield>
    <subfield code="a">Artes aplicativas</subfield>
    <subfield code="v">Manualidades</subfield>
    <subfield code="9">29378</subfield>
  </datafield>
  <datafield tag="651" ind1="2" ind2=" ">
    <subfield code="2">Artes regionales </subfield>
    <subfield code="a">M&#xE9;xico</subfield>
    <subfield code="v">Oaxaca</subfield>
    <subfield code="9">29379</subfield>
  </datafield>
  <datafield tag="700" ind1="1" ind2=" ">
    <subfield code="4">Dibujo</subfield>
    <subfield code="a">Beltr&#xE1;n, Alberto</subfield>
    <subfield code="9">29380</subfield>
  </datafield>
  <datafield tag="700" ind1="1" ind2=" ">
    <subfield code="4">Fot.</subfield>
    <subfield code="a">Moreno Enr&#xED;quez, Mar&#xED;a de los Angeles</subfield>
    <subfield code="9">29381</subfield>
  </datafield>
  <datafield tag="700" ind1="1" ind2=" ">
    <subfield code="4">Fot.</subfield>
    <subfield code="a">Estage Noel, Cayuqui</subfield>
    <subfield code="9">29382</subfield>
  </datafield>
  <datafield tag="700" ind1="1" ind2=" ">
    <subfield code="4">Fot.</subfield>
    <subfield code="a">V. Stenzel, Anne</subfield>
    <subfield code="9">29383</subfield>
  </datafield>
  <datafield tag="942" ind1=" " ind2=" ">
    <subfield code="2">lcc</subfield>
    <subfield code="c">B</subfield>
  </datafield>
  <datafield tag="999" ind1=" " ind2=" ">
    <subfield code="c">10992</subfield>
    <subfield code="d">10992</subfield>
  </datafield>
  <datafield tag="952" ind1=" " ind2=" ">
    <subfield code="0">0</subfield>
    <subfield code="1">0</subfield>
    <subfield code="2">lcc</subfield>
    <subfield code="4">0</subfield>
    <subfield code="7">0</subfield>
    <subfield code="8">FCON</subfield>
    <subfield code="a">BRCA</subfield>
    <subfield code="b">BRCA</subfield>
    <subfield code="d">2023-08-30</subfield>
    <subfield code="l">0</subfield>
    <subfield code="o">NK1136.M6 H67 1992</subfield>
    <subfield code="p">CONT10138</subfield>
    <subfield code="r">2023-08-30 00:00:00</subfield>
    <subfield code="w">2023-08-30</subfield>
    <subfield code="y">B</subfield>
  </datafield>
</record>
